| 000 | 00672nam a2200229 a 4500 | ||
|---|---|---|---|
| 999 |
_c11585 _d11585 |
||
| 001 | 11585 | ||
| 003 | BD-JhCC | ||
| 005 | 20220608134021.0 | ||
| 008 | 200331b20182019bg a|||| ||a| 000 0 mul d | ||
| 020 | _a9789849266365 | ||
| 035 | _a(BD-JhCC)11585 | ||
| 040 |
_aBD-JhCC _dBD-JhCC |
||
| 041 | _amul | ||
| 082 |
_a158 _bMAH 2019 |
||
| 100 | _aমাহবুব, ঝংকার | ||
| 245 |
_aরিচার্জ Your ডাউন ব্যাটারি / _c ঝংকার মাহবুব । |
||
| 260 |
_aঢাকা: _bআদর্শ; _c২০১৯. |
||
| 300 |
_a119 p. : _bill; _c22 cm. |
||
| 650 | _aSuccess | ||
| 942 |
_2ddc _cBK _05 |
||